Statistics for Countries with over 1 Million Coronavirus cases

Click here to take the quiz!

General Stats

  • This quiz has been taken 33 times
    (7 since last reset)
  • The average score is 36 of 62

Answer Stats

Answer% Correct
Brazil
100%
France
100%
Greece
100%
India
100%
Italy
100%
Spain
100%
United States
100%
Australia
80%
Canada
80%
Mexico
80%
Norway
80%
Russia
80%
Sweden
80%
Thailand
80%
Turkey
80%
United Kingdom
80%
Vietnam
80%
Argentina
60%
Austria
60%
Bangladesh
60%
Bulgaria
60%
Chile
60%
Colombia
60%
Croatia
60%
Czech Republic
60%
Denmark
60%
Finland
60%
Indonesia
60%
Ireland
60%
Japan
60%
Malaysia
60%
Peru
60%
Poland
60%
Portugal
60%
Romania
60%
Serbia
60%
Slovakia
60%
Switzerland
60%
Ukraine
60%
Belguim
40%
Cuba
40%
Georgia
40%
Germany
40%
Hungary
40%
Iran
40%
Israel
40%
Lithuania
40%
Morocco
40%
Netherlands
40%
New Zealand
40%
Pakistan
40%
Philippines
40%
Singapore
40%
Slovenia
40%
South Africa
40%
South Korea
40%
Iraq
20%
Kazakhstan
20%
Taiwan
20%
Tunisia
20%
Jordan
0%
Lebanon
0%

Score Distribution

Percentile by Number Answered

Percent of People with Each Score

Your Score History

You have not taken this quiz since the last reset